书目信息 |
| 题名: |
欧洲
|
|
| 作者: | 李原 撰文 | |
| 分册: | ||
| 出版信息: | 上海 中华地图学社 2005 |
|
| 页数: | 171页 | |
| 开本: | 19cm | |
| 丛书名: | 世界名城掠影丛书 | |
| 单 册: | ||
| 中图分类: | K915 | |
| 科图分类: | ||
| 主题词: | 城市--概况--欧洲 | |
| 电子资源: | ||
| ISBN: | 7-80031-261-5 | |
| 000 | 00812oam2 2200253 450 | |
| 001 | 012005037807 | |
| 005 | 20061109103141.57 | |
| 010 | @a7-80031-261-5@dCNY18.00 | |
| 100 | @a20050528d2005 em y0chiy0110 ea | |
| 101 | 0 | @achi |
| 102 | @aCN@b310000 | |
| 105 | @aab z 000yy | |
| 200 | 1 | @a欧洲@9ou zhou@f李原撰文 |
| 210 | @a上海@c中华地图学社@d2005 | |
| 215 | @a171页@c图,照片,地图@d19cm | |
| 225 | 2 | @a世界名城掠影丛书 |
| 330 | @a本书是《世界名城掠影丛书》中的一本,主要介绍了欧洲54个城市的历史、文化以及风土人性。读者可浏览欧洲各大城市、首都、历史名城的历史沿革、文化名胜和山水风光。 | |
| 461 | 0 | @12001 @a世界名城掠影丛书 |
| 510 | 1 | @aEurope@zeng |
| 606 | 0 | @a城市@x概况@y欧洲 |
| 690 | @aK915@v4 | |
| 701 | 0 | @a李原@9li yuan@4撰文 |
| 801 | 0 | @aCN@bRENTIAN@c20061109 |
| 905 | @a10447@dK915@e131 | |
| 欧洲/李原撰文.-上海:中华地图学社,2005 |
| 171页:图,照片,地图;19cm.-(世界名城掠影丛书) |
| ISBN 7-80031-261-5:CNY18.00 |
| 本书是《世界名城掠影丛书》中的一本,主要介绍了欧洲54个城市的历史、文化以及风土人性。读者可浏览欧洲各大城市、首都、历史名城的历史沿革、文化名胜和山水风光。 |
| ● |
| 相关链接 |
|
|
|
|
正题名:欧洲
索取号:K915/131
 
预约/预借
| 序号 | 登录号 | 条形码 | 馆藏地/架位号 | 状态 | 备注 |
| 1 | 0386013 | 203860134 | 第二样本阅览室/ [索取号:K915/131] | 在馆 | |
| 2 | 0386014 | 203860143 | 第二借阅区/ [索取号:K915/131] | 在馆 | |
| 3 | 0386015 | 203860152 | 第二借阅区/ [索取号:K915/131] | 在馆 | |
| 4 | 0386016 | 203860161 | 第二借阅区/ [索取号:K915/131] | 在馆 | |
| 5 | 0386017 | 203860170 | 第二借阅区/ [索取号:K915/131] | 在馆 |